| 000 | 00871nam a22003257a 4500 | ||
|---|---|---|---|
| 005 | 20231115121923.0 | ||
| 008 | 160519b2008 xxu||||| |||| 00| 0 spa d | ||
| 020 | _a9789701063859 | ||
| 041 | _aESP | ||
| 082 | _a629.89 A352i3 | ||
| 100 |
_aAlciatore, David G. _99775 |
||
| 100 | _aHistand, Michael B. | ||
| 245 | _aIntroducción a la mecatrónica y los sistemas de medición | ||
| 250 | _a3 edición | ||
| 260 | _aMéxico | ||
| 260 | _bMcGraw-Hill | ||
| 260 | _c2008 | ||
| 300 | _a509 páginas | ||
| 650 | _aMECATRÓNICA | ||
| 650 | _aCIRCUITOS ELÉCTRICOS | ||
| 650 | _aSEMICONDUCTORES | ||
| 650 | _aAMPLIFICADORES OPERACIONALES | ||
| 650 | _aCIRCUITOS DIGITALES | ||
| 650 | _aMICROCONTROLADORES | ||
| 650 | _aSENSORES | ||
| 650 | _aACTUADORES | ||
| 650 | _aSISTEMAS MECATRÓNICOS | ||
| 942 |
_cBK _2ddc |
||
| 999 |
_c8075 _d8075 |
||